[Event "St Petersburg-Paris"]
[Site "Paris"]
[Date "1996.??.??"]
[Round "5"]
[White "Degraeve, Jean Marc"]
[Black "Aseev, Konstantin N"]
[Result "1-0"]
[WhiteElo "2490"]
[BlackElo "2530"]
[Annotator "Chekhov,V"]
[PlyCount "65"]
[EventDate "1996.02.??"]
[EventType "schev"]
[EventRounds "9"]
[EventCountry "FRA"]
[SourceTitle "CBM 051 Extra"]
[Source "ChessBase"]
[SourceDate "1996.05.01"]
[SourceVersion "1"]
[SourceVersionDate "1996.05.01"]
[SourceQuality "1"]

1. e4 c5 2. c3 Nf6 3. e5 Nd5 4. d4 cxd4 5. Nf3 Nc6 6. Bc4 Nb6 7. Bb3 d5 8. exd6
Qxd6 9. O-O Be6 10. Na3 dxc3 (10... Bxb3 11. Qxb3 Rc8 (11... Qd5 12. Nb5 Rc8
13. Nfxd4 $14) 12. Rd1 Qd5 13. Nxd4 Qxb3 14. axb3 e6 15. Nxc6 Rxc6 16. b4 Be7
17. Be3 Nc8 18. b5 Rc7 19. Bxa7 $1 $16 {Hoffman,A-Gramling,P/Argentina/1994/
1|0/64/}) 11. Qe2 (11. Nb5 Qxd1 12. Rxd1 Rc8 13. Bxe6 fxe6 14. bxc3 Nc4 15. Re1
e5 16. Rb1 b6 17. Na3 $10 {Mukhametov,E-Moiseev,V/Kolontaevo/1994/0,5/17/})
11... Bxb3 12. Nb5 Qb8 13. axb3 e5 14. bxc3 (14. Nbd4 Nxd4 15. Nxd4 f6 16. bxc3
Kf7 17. Nb5 a6 18. Be3 axb5 19. Bxb6 Rxa1 20. Rxa1 Qe8 21. Ra5 b4 22. c4 $146 {
Lautier,J-Gelfand,B/Linares/1994/0,5/35/}) 14... Be7 15. Bg5 (15. Re1 Nd7 16.
Ng5 Bxg5 17. Bxg5 O-O 18. Rad1 Nc5 19. Qg4 Qc8 20. Qh4 Qf5 $17 {Hoffman,
A-Gavrikov,V/Biel/1994/0|1/42/}) 15... f6 (15... Bxg5 16. Nxg5 h6 17. Ne4 O-O
18. Rfd1 Rd8 19. Nbd6 Qc7 20. Qh5 Qe7 21. Rd3 Qe6 22. Rad1 $146 {Smagin,
S-Baikov,V/Moscow/1995/0|1/55/}) 16. Be3 Nc8 $5 {N/} (16... O-O 17. Nxa7 Rxa7
18. Bxb6 Rxa1 19. Rxa1 f5 20. b4 e4 21. b5 $1 $14 {Smagin,S-Dvoirys,S/Novgorod/
1995/0,5/58/}) 17. Nh4 g6 (17... O-O 18. Nf5 (18. Qg4 $5) 18... a6 19. Qg4 $36)
18. f4 O-O (18... a6 $5 19. fxe5 $6 (19. Na3 $146) 19... Qxe5 (19... fxe5 20.
Qc4 axb5 21. Qf7+ Kd7 22. Rad1+ Nd6 $19) 20. Nd4 Nxd4 21. cxd4 Qe6 $17) 19.
Nxg6 $3 (19. Qg4 f5 $1 20. Qg3 Bxh4 21. Qxh4 a6 22. Na3 b5 $13) 19... hxg6 20.
Qg4 Rf7 (20... Kf7 21. f5 Rg8 (21... gxf5 22. Qh5+ Ke6 23. Qxf5+ Kf7 24. Qh5+
Ke6 25. Rad1 $44 (25. Qf5+ $10)) 22. Qc4+ Kg7 23. fxg6 Kxg6 24. Rf3 $40) (20...
Kg7 21. f5 g5 22. h4 $40) 21. Qxg6+ Kf8 (21... Rg7 22. Qe8+ Bf8 23. Qe6+ Rf7
24. Rf3 $146) 22. Rad1 Rg7 (22... Ke8 23. h4 $146) (22... Nd6 23. fxe5 Nxe5 24.
Qh6+ Ke8 25. Nxd6+ Bxd6 26. Rxf6 $40) 23. Qh5 a6 24. Qh8+ (24. fxe5 $5 Qxe5 25.
Qh8+ Kf7 26. Bh6 $1) 24... Kf7 (24... Rg8 25. Qh6+ Rg7 26. Rf3 $36) 25. Qh5+
Kf8 26. Qh8+ Kf7 27. fxe5 $1 Qxe5 (27... axb5 28. exf6 Bxf6 29. Rxf6+ Kxf6 30.
Rf1+ Ke6 (30... Kg6 31. Qh6#) 31. Qxg7 $16) 28. Bh6 Rxg2+ (28... Rg8 29. Qh7+
$18) (28... Bf8 29. Rde1 Qc5+ (29... Qxb5 30. Bxg7 Bxg7 31. Qe8#) 30. Kh1 N8e7
31. Bxg7 $6 (31. Nc7 $1 Ng6 (31... Rc8 32. Bxg7 Bxg7 33. Qxg7+ Kxg7 34. Ne6+
$18) 32. Rxf6+ Kxf6 33. Bxg7+ Bxg7 (33... Kf7 34. Rf1+ Ke7 35. Bxf8+ Rxf8 36.
Qg7+ Kd6 37. Qxg6+ Kxc7 38. Qg7+ $18) 34. Rf1+ Nf4 (34... Ke7 35. Qxg7+ Kd6 36.
Nxa8 $18) 35. Rxf4+ Ke5 36. Qh5+ Kd6 37. Qxc5+ Kxc5 38. Nxa8 $18) 31... Bxg7
32. Qxa8 Qxb5 $15) 29. Kxg2 Qe4+ 30. Rf3 axb5 (30... Qe2+ 31. Kg3 Qxd1 32. Qh7+
Ke8 33. Qg6+ Kd7 34. Rd3+ $18) 31. Qg7+ Ke6 (31... Ke8 32. Qg8+ $18) 32. Qg8+
Ke5 33. Bf4+ (33. Bf4+ Kf5 34. Qh7+ $18) 1-0

[Event "Lvov Kotov Memorial"]
[Site "Lvov"]
[Date "1983.??.??"]
[Round "?"]
[White "Vorotnikov, Vladislav V"]
[Black "Sveshnikov, Evgeny"]
[Result "0-1"]
[WhiteElo "2470"]
[BlackElo "2505"]
[Annotator "Chekhov,V"]
[PlyCount "84"]
[EventDate "1983.06.??"]
[EventType "tourn"]
[EventRounds "13"]
[EventCountry "URS"]
[EventCategory "9"]
[SourceTitle "MCL"]
[Source "ChessBase"]
[SourceDate "1999.07.01"]
[SourceVersion "1"]
[SourceVersionDate "1999.07.01"]
[SourceQuality "1"]

1. e4 c5 2. c3 Nf6 3. e5 Nd5 4. d4 cxd4 5. Qxd4 e6 6. Nf3 Nc6 7. Qe4 f6 8. exf6
Nxf6 9. Qh4 d5 10. Bd3 Bd6 11. Bg5 $5 (11. Bg6+ Ke7 12. Bc2 h6 13. Bg6 Bd7 14.
Bf4 e5 15. Bg3 Be8 $15 {Novopashin,A-Sveshnikov,E/URS/1981/}) 11... Kf7 $1 12.
Nd4 $6 (12. Nbd2 e5 13. Bc2 {/\Bb3,0-0-0/}) 12... h6 13. Be3 Ne5 14. Bc2 g5 15.
Qh3 Ng6 16. g3 $6 (16. O-O $5 e5 (16... Nf4 17. Qf3) 17. Nf5 Ne7 $17) 16... e5
17. Nf5 Ne7 18. f3 (18. Nxd6+ Qxd6 19. Qf1 Bf5 $17) 18... d4 $1 19. Bf2 (19.
cxd4 exd4 20. Bxd4 Nxf5 21. Bxf5 Qa5+ $19) 19... Nxf5 20. Bxf5 Qb6 $1 $19 21.
Nd2 (21. b3 Qc6 $19) 21... Qxb2 22. Rd1 Qxc3 23. O-O Bxf5 24. Qxf5 Qc8 25. Qb1
Qc6 26. Rc1 Qd5 27. Ne4 Rad8 28. g4 Nxe4 (28... b6 $19) 29. fxe4 Qe6 30. Qxb7+
(30. Bxd4+ $5 Kg6 31. Bxa7 Qxg4+ 32. Kh1) 30... Kg6 31. Bg3 (31. h3 h5 $19)
31... Rh7 32. Qa6 Qxg4 33. Rc6 Rhd7 34. Qc4 Re7 35. Qa6 Qd7 36. Rc2 d3 37. Rd2
Qe6 38. Kg2 Bb4 39. Qxe6+ Rxe6 40. Rdd1 d2 41. Rf5 Rc8 42. Kf3 Rc1 0-1

[Event "RUS-ch Army"]
[Site "Russia"]
[Date "1995.??.??"]
[Round "?"]
[White "Cherniaev, Alexander"]
[Black "Kharitonov, Andrei Y"]
[Result "0-1"]
[WhiteElo "2450"]
[BlackElo "2550"]
[Annotator "Chekhov,V"]
[PlyCount "74"]
[EventDate "1995.??.??"]
[EventType "tourn"]
[EventRounds "11"]
[EventCountry "RUS"]
[EventCategory "10"]
[SourceTitle "CBM 048"]
[Source "ChessBase"]
[SourceDate "1995.10.01"]
[SourceVersion "1"]
[SourceVersionDate "1995.10.01"]
[SourceQuality "1"]

1. e4 {Baburin} c5 2. c3 d5 3. exd5 Qxd5 4. d4 Nf6 5. Nf3 e6 6. Be2 cxd4 7.
cxd4 Nc6 8. O-O Be7 9. Nc3 Qd6 10. Nb5 Qd8 11. Bf4 O-O $5 (11... Nd5 12. Bg3 a6
(12... O-O 13. Bc4 a6 14. Bxd5 axb5 15. Be4 Qb6 16. Bf4 Rd8 17. Be3 Qa5 18. Qc2
$16 {Kharlov,A-Badea,B/Berlin/1994/1|0/54/}) 13. Nc3 O-O 14. Qb3 $5 Nxc3 15.
bxc3 b5 16. Rfd1 Bb7 17. a4 b4 18. d5 exd5 19. cxb4 Nxb4 (19... Bxb4 $5) 20. a5
$1 {Cherniaev,A-Khenkin,I/Biel/1994/1|0/45/}) 12. Bc7 Qd7 13. Ne5 Nxe5 14. dxe5
(14. Bxe5 a6 15. Nc7 Ra7 16. d5 exd5 17. Bf3 Rd8 18. Rc1 b6 19. Qb3 Qf5 $13 {
Mukhametov,E-Bragin,A/Podolsk/1992/0,5/29/}) 14... Nd5 15. Bd6 a6 16. Bxe7 Qxe7
17. Nd6 Bd7 18. Bf3 $6 {N/} (18. Nxb7 $6 Qb4 19. Qb3 Qd4) (18. Qd4 $142 $5 Bc6
19. f4 f6 20. Bg4 Rad8 21. Rad1 fxe5 22. fxe5 Nc7 $14 {Yagupov,I-Kiselev,S/
Orel/1994/0,5/32/}) 18... Bc6 19. Bxd5 Bxd5 {Baburin Probably White was aiming
for this position; his N looks very nice, but that's it - it has no real work
to do, no targets to attack. On the other hand the Blacks B can be employed
fully, while the N is cut off from play.} 20. f4 f6 21. Qe2 fxe5 22. fxe5 Qg5
$15 23. a3 h6 24. Rac1 $6 (24. Rae1 $142 $5) (24. h3 $5 {Baburin}) 24... Rf3 $1
25. Rce1 (25. Rxf3 Bxf3 26. Qf1 Bxg2 $19) 25... Re3 $1 26. Qf2 Rxe1 27. Rxe1
Rf8 28. Qg3 Qd2 $19 29. b3 (29. b4 Bxg2 30. Nc4 Qd4+ $19) 29... Qd4+ 30. Qe3 (
30. Kh1 Rf2 31. Rg1 Rxg2 $19) 30... Qb2 31. Qg3 Qxa3 32. h3 Qc5+ 33. Kh2 Qd4 (
33... Rf2 34. Ne4 $1) 34. Re3 b5 35. b4 $6 (35. Rc3 $142 $5) 35... Qxb4 36. Qg6
Qf4+ 37. Rg3 Qxe5 {Baburin It is noteworthy that although White moved his N to
a "nice" square at d6, he never used it effectively again. The B however, was
very effective from its post at d5 as it is a long range piece.} 0-1

[Event "Asia-chT fin 11th"]
[Site "Singapore"]
[Date "1995.12.22"]
[Round "9"]
[White "Handoko, Edhi"]
[Black "Xu, Jun"]
[Result "0-1"]
[WhiteElo "2495"]
[BlackElo "2535"]
[Annotator "Chekhov,V"]
[PlyCount "83"]
[EventDate "1995.12.14"]
[EventType "team"]
[EventRounds "9"]
[EventCountry "SIN"]
[SourceTitle "CBM 050 Extra"]
[Source "ChessBase"]
[SourceDate "1996.03.01"]
[SourceVersion "1"]
[SourceVersionDate "1996.03.01"]
[SourceQuality "1"]
[WhiteTeam "Indonesia"]
[BlackTeam "China"]
[WhiteTeamCountry "INA"]
[BlackTeamCountry "CHN"]

1. e4 c5 2. c3 Nf6 3. e5 Nd5 4. d4 cxd4 5. Nf3 Nc6 6. Bc4 Nb6 7. Bb3 g6 $5 8.
Ng5 (8. cxd4 $5) 8... d5 9. exd6 e6 10. Qf3 (10. cxd4 $5) 10... f5 $5 {N/} (
10... f6 $5 11. Nxe6 Bxe6 12. Bxe6 Bxd6 13. Qh3 f5 14. O-O Qf6 15. Re1 Kd8 16.
Bb3 Kd7 17. Bd2 Rae8 $132 {Filipovic,B-Cabrilo,G/Tivat/1995/0|1/59/}) 11. Bxe6
(11. Nxe6 Bxe6 12. Bxe6 Bxd6 13. O-O Bxh2+ 14. Kxh2 Qd6+ 15. Bf4 Qxe6 16. Nd2
O-O $15) 11... Bxe6 12. Nxe6 Qxd6 13. Nxd4 (13. Nxf8 Rxf8 14. O-O O-O-O 15. Bf4
Qd5 $15) 13... Nxd4 14. cxd4 Qd5 $1 (14... Bg7 15. O-O O-O 16. Qxb7 $16) 15.
Qxd5 (15. Qe2+ Kf7 16. O-O Re8 17. Qd3 Bg7 (17... Qc4 $5 $146) 18. Be3 Qc4 19.
Qa3 $16) 15... Nxd5 16. O-O (16. Nc3 $5 Nb4 17. O-O Nc2 18. Rb1 Nxd4 19. Re1+
Kf7 20. Bf4 Bg7 21. Be5 $10) 16... Rc8 (16... Bg7 17. Nc3 $1 Rd8 18. Bg5 Rd7
19. Nxd5 Rxd5 20. Rfe1+ $18) 17. Nd2 Bg7 18. Re1+ Kd7 19. Nf3 Rhe8 20. Ne5+ $6
(20. Rxe8 Kxe8 21. Kf1 Rc2 $146) 20... Bxe5 21. dxe5 Rc2 22. b3 f4 $1 23. Rd1
$6 (23. Ba3 $5 Ke6 24. Kf1 g5 $146) 23... Ke6 24. Ba3 Rec8 25. Rd3 (25. Rac1
Kxe5 $17) (25. Bd6 Nc3 26. Rd3 Ne4 $36) 25... Re2 26. Rad1 (26. Bd6 Rcc2 27.
Rf1 Rxa2 $17) 26... Nc3 (26... Rxe5 27. Bb2 Rg5 28. a3 $13) 27. Ra1 (27. Rd6+
Kxe5 28. Ra1 Nb5 29. Rd7 Rcc2 30. Re7+ Kf5 31. Rxe2 Rxe2 32. Bb4 Rc2 $15) 27...
Ne4 28. f3 Ng5 $17 29. Rd6+ Kf5 30. Rd5 Ne6 (30... Rcc2 31. e6+ Kf6 32. e7 (32.
Be7+ Kxe7 33. Rxg5 Kxe6 34. a4 Kf6 35. Rg4 h5 36. Rxf4+ Kg5 $19) 32... Rxg2+
33. Kf1 Nxf3 34. Bc5 Rxh2 35. Bg1 Rh1 $19) 31. Kh1 Rcc2 32. Rad1 (32. Rg1 Rxa2
33. Bd6 a5 34. Rb5 Nd4 35. Rxb7 Nxf3 $1 $19) 32... Rxa2 33. Bb4 h6 (33... Rxg2
34. Bd2 Re2 $19) 34. h4 g5 35. Rd7 gxh4 36. Rf7+ Kg5 (36... Kxe5 $4 37. Bd6#)
37. Be7+ Kh5 38. Rf5+ Ng5 39. Rxf4 (39. Rg1 h3 $19) 39... h3 (39... Rxg2 40.
Bxg5 hxg5 41. Rg4 Rgf2 (41... Rge2 $19) 42. e6 Rxf3 43. Re4 $1 $132 (43. e7 Re2
$19) 43... Rff2 44. e7) 40. Bxg5 hxg5 41. Rf7 (41. Rg4 hxg2+ 42. Kg1 Rab2 $19)
41... hxg2+ 42. Kh2 (42. Kh2 g1=Q+ 43. Kxg1 Kh4 44. Rd4+ (44. Rg7 Rg2+ 45. Kf1
Kh3 $19) (44. Rf5 Rg2+ 45. Kf1 Kh3 $19) 44... Kh3 (44... Kg3 $4 45. Rg4+ Kh3
46. Rh7#) 45. Rh7+ Kg3 46. Rg4+ Kxf3 $19) 0-1

[Event "RUS-ch"]
[Site "Elista"]
[Date "1996.??.??"]
[Round "3"]
[White "Shovunov, Baatr"]
[Black "Skvortsov, Alexandr L"]
[Result "1-0"]
[WhiteElo "2300"]
[BlackElo "2335"]
[Annotator "Chekhov,V"]
[PlyCount "83"]
[EventDate "1996.10.15"]
[EventType "swiss"]
[EventRounds "11"]
[EventCountry "RUS"]
[SourceTitle "CBM 056"]
[Source "ChessBase"]
[SourceDate "1997.02.01"]
[SourceVersion "1"]
[SourceVersionDate "1997.02.01"]
[SourceQuality "1"]

1. e4 c5 2. c3 Nf6 3. e5 Nd5 4. d4 cxd4 5. Qxd4 e6 6. Nf3 Nc6 7. Qe4 d6 (7...
f5 $5) 8. c4 $5 (8. Nbd2 $5 dxe5 9. Nxe5 Nf6 10. Nxc6 Qxd2+ (10... Qc7 11. Qf3
bxc6 12. Be2 $14) 11. Bxd2 Nxe4 12. Ne5 Nxd2 13. Bb5+ Ke7 14. Kxd2 $14) 8...
Ndb4 (8... Nde7 $6 9. exd6 Nf5 10. c5 $1 Qa5+ 11. b4 Qxb4+ 12. Qxb4 Nxb4 13. g4
Nh6 14. Ne5 Bd7 15. Na3 $16 {Castro,O-Henao,R/COL/1987/0,5/59/}) (8... f5 $5 9.
Qe2 Qa5+ 10. Bd2 Ndb4 11. exd6 Bxd6 12. Bc3 Be7 13. Nbd2 Bf6 14. Nb3 Qb6 15.
Bxf6 gxf6 16. c5 Qc7 17. g3 O-O $132 {Short,N-Browne,W/London/1980/0|1/46/}) 9.
exd6 f5 10. Qe2 Bxd6 11. a3 Qa5 12. Nc3 (12. Bd2 Qa4 13. Nc3 Nc2+ 14. Kd1 Qb3
$19) 12... O-O 13. Bg5 Na6 (13... h6 14. Rd1 hxg5 15. Rxd6 $16) 14. Rd1 Bb8 (
14... Bxa3 $2 15. Ra1 $18) 15. Bc1 Ne5 (15... e5 16. b4 $18) 16. b4 Nxf3+ 17.
Qxf3 Qc7 18. Be2 b6 19. Nb5 Qe7 20. Qb3 Bb7 21. Bf3 Bxf3 22. Qxf3 Nc7 23. Qc6
$1 Qe8 (23... Nxb5 24. Qxa8 $18) 24. Nd4 e5 25. Qxe8 Nxe8 26. Nc6 Bd6 (26...
Bc7 27. O-O $22 Nd6 (27... e4 28. Rd7 Rf7 29. Rfd1 $16) 28. Nxe5 $16) 27. Bb2
e4 28. Ke2 Rf7 29. Rd5 Rc8 30. b5 f4 $6 (30... Bc5 $5 31. Rhd1 $16) 31. f3 $1
e3 32. Rhd1 Bf8 33. g3 $16 a6 34. gxf4 axb5 (34... Rxf4 35. Rd8 Rxd8 36. Rxd8
Nd6 37. bxa6 $18) 35. cxb5 Rxf4 36. R1d4 (36. Kxe3 Rh4 37. R1d2 $22 Bc5+ 38.
Rxc5 $1 bxc5 39. Ne7+ $18) 36... Rf7 (36... Rxd4 37. Bxd4 (37. Rxd4 Bc5 38. Rd7
$16) 37... Bxa3 (37... Nc7 38. Re5 Bxa3 39. Bxb6 Bd6 $22 40. Rf5 Nxb5) 38. Bxb6
$18) 37. Rd8 Rxd8 38. Rxd8 Nd6 39. a4 Rf4 $2 (39... Nc4 40. Bd4 $18) 40. Be5
$18 Rf6 41. Bxf6 gxf6 42. Ne7+ 1-0

[Event "Asia-chT fin 11th"]
[Site "Singapore"]
[Date "1995.12.16"]
[Round "3"]
[White "Handoko, Edhi"]
[Black "Dao, Thien Hai"]
[Result "1-0"]
[WhiteElo "2495"]
[BlackElo "2545"]
[Annotator "Chekhov,V"]
[PlyCount "103"]
[EventDate "1995.12.14"]
[EventType "team"]
[EventRounds "9"]
[EventCountry "SIN"]
[SourceTitle "CBM 050 Extra"]
[Source "ChessBase"]
[SourceDate "1996.03.01"]
[SourceVersion "1"]
[SourceVersionDate "1996.03.01"]
[SourceQuality "1"]
[WhiteTeam "Indonesia"]
[BlackTeam "Vietnam"]
[WhiteTeamCountry "INA"]
[BlackTeamCountry "VIE"]

1. e4 c5 2. c3 Nf6 3. e5 Nd5 4. d4 cxd4 5. Nf3 Nc6 6. Bc4 Nb6 7. Bb3 g6 $5 8.
Ng5 (8. cxd4 $5 Bg7 9. Bf4 d6 10. exd6 O-O 11. h3 exd6 12. O-O Na5 13. Nc3 Nxb3
14. Qxb3 Bf5 $10 {Smagin,S-Bologan,V/Novgorod/1995/0|1/67/}) (8. a4 d5 9. exd6
Qxd6 10. O-O Bg7 11. a5 Nd7 12. cxd4 Nxd4 13. Nxd4 Qxd4 14. Qf3 Ne5 15. Qg3 O-O
$17 {Handoko,E-Hsu Li,Y/Malaysia/1995/0,5/34/}) 8... d5 (8... e6 9. Ne4 (9.
cxd4 $5) 9... Nxe5 10. Bg5 Be7 11. Nd6+ Kf8 12. Bh6+ Kg8 13. Qxd4 f6 14. Be3
Qc7 15. Nb5 Qc6 $17 {Shilin-Kozel,R/Yalta/1995/0|1/38/}) 9. exd6 e6 10. cxd4 $1
{N/} (10. Qf3 $5 f6 11. Nxe6 Bxe6 12. Bxe6 Bxd6 13. Qh3 f5 14. O-O Qf6 15. Re1
Kd8 16. Bb3 Kd7 17. Bd2 Rae8 $132 {Filipovic,B-Cabrilo,G/Tivat/1995/0|1/59/})
10... Bg7 (10... Qxd6 11. Nc3 (11. Qf3 Qe7 $15) 11... Bg7 (11... Qxd4 12. Qf3
$36) 12. d5 exd5 13. Nxd5 Nxd5 14. Qxd5 $6 (14. Bxd5 $1 $16) 14... Qxd5 15.
Bxd5 O-O 16. O-O Bf5 $15) 11. Ne4 O-O (11... Nxd4 $2 12. Bg5 $18) 12. Nbc3 f5
13. Bg5 Qe8 (13... Qd7 14. d5 $1 $16) 14. Nd2 (14. d5 exd5 15. Nxd5 Qxe4+ $19)
14... h6 (14... Nxd4 15. Be7 (15. O-O $5 $36) 15... Rf7 16. Nf3 $36) 15. Be7
Nxe7 16. dxe7 Qxe7 17. Nf3 Nd5 18. O-O $16 Nf4 19. Ne2 $6 (19. Re1 $5 $36)
19... Nh5 20. Re1 Kh7 21. Ng3 Nf4 22. Qd2 Qd6 23. Ne5 g5 24. Rad1 b6 25. Ne2
Nd5 26. Nc3 Nf4 27. Ne2 Nd5 28. h4 gxh4 29. Bxd5 $1 Qxd5 (29... exd5 30. Nf4
$16) 30. Nf4 Qd6 (30... Qxa2 31. Re3 Qa5 32. Qe2 $16) (30... Qd8 $5) 31. Qe2
Qd8 (31... Bb7 32. Nc4 Qc6 33. Qxe6 Qxe6 34. Nxe6 $16) 32. Qf3 (32. Qh5 Qf6)
32... Ba6 (32... Bd7 33. Nxd7 Qxd7 34. Nxe6 $18) (32... Rb8 33. Nc6 $18) 33.
Nxe6 Qd6 34. Nxf8+ Rxf8 35. Qa3 (35. Qh5 $5) 35... Qxa3 36. bxa3 Rd8 37. d5 Rd6
38. Nf7 Rd7 39. Ne5 Rd6 40. Nf3 Bf6 41. Re6 Rxe6 42. dxe6 Kg6 43. Rd7 $18 Bc8
44. Rxa7 Bxe6 45. Rb7 f4 (45... Bd8 46. Ne5+ Kh5 47. Nc6 $18) 46. Rxb6 Kf5 47.
a4 Bd5 48. Kh2 Bxa2 49. a5 Bd8 50. Rb5+ Ke6 51. a6 Bc4 52. a7 1-0

[Event "Bad Woerishofen op 13th"]
[Site "Bad Woerishofen"]
[Date "1997.??.??"]
[Round "7"]
[White "Keitlinghaus, Ludger"]
[Black "Miles, Anthony John"]
[Result "1-0"]
[WhiteElo "2515"]
[BlackElo "2550"]
[Annotator "ChessBase"]
[PlyCount "47"]
[EventDate "1997.03.07"]
[EventType "swiss"]
[EventRounds "9"]
[EventCountry "GER"]
[SourceTitle "EXT 2000"]
[Source "ChessBase"]
[SourceDate "1999.11.16"]
[SourceVersion "1"]
[SourceVersionDate "1999.11.16"]
[SourceQuality "1"]

1. e4 c5 2. c3 d5 3. exd5 Qxd5 4. d4 Nf6 5. Nf3 Bg4 6. Be2 cxd4 7. cxd4 e6 8.
Nc3 Qa5 9. h3 Bh5 10. Qb3 Qb4 11. g4 Bg6 12. Ne5 Nc6 13. Bb5 Rc8 14. O-O Qxd4
$2 (14... Be7 $13) 15. Bxc6+ bxc6 16. Qb7 Qd8 17. Bf4 Rc7 18. Qa6 Bd6 $4 (18...
Qc8 19. Qa4 $44) 19. Rad1 Nd5 20. Nxd5 exd5 21. Nxc6 Qf6 22. Bxd6 Qxd6 23.
Rfe1+ Kf8 24. Rxd5 1-0

[Event "Ptuj zt"]
[Site "Ptuj"]
[Date "1995.??.??"]
[Round "9"]
[White "Sermek, Drazen"]
[Black "Robatsch, Karl"]
[Result "1-0"]
[WhiteElo "2515"]
[BlackElo "2410"]
[Annotator "ChessBase"]
[PlyCount "83"]
[EventDate "1995.04.??"]
[EventType "tourn"]
[EventRounds "15"]
[EventCountry "SLO"]
[EventCategory "10"]
[SourceTitle "CBM 047"]
[Source "ChessBase"]
[SourceDate "1995.08.01"]
[SourceVersion "1"]
[SourceVersionDate "1995.08.01"]
[SourceQuality "1"]

1. e4 c5 2. c3 Nf6 3. e5 Nd5 4. Nf3 e6 5. d4 cxd4 6. cxd4 d6 7. a3 dxe5 8. dxe5
Bd7 9. Bd3 Na6 10. O-O Nc5 11. Bc2 Bb5 12. Re1 Nc7 13. Nc3 Bc4 14. Nd4 a6 15.
Be3 Nd5 16. Nxd5 Bxd5 17. Qg4 Nd7 18. Qg3 g6 19. Rad1 Qc7 20. Bb1 Bg7 21. Bf4
Nb6 22. a4 O-O 23. b3 Rac8 24. a5 Na8 25. Bd2 Qc5 26. Nc2 Rfd8 27. Nb4 Nc7 28.
h4 Nb5 29. Nxd5 Rxd5 30. Rc1 Qf8 31. Rxc8 Qxc8 32. Bb4 Qc7 33. Be4 Bxe5 34. Qe3
Bd4 35. Qf3 Rd7 36. h5 Nc3 37. hxg6 hxg6 38. Bxg6 fxg6 39. Rxe6 Rf7 $4 (39...
Kh7 $142 40. Qh3+ Kg7 41. Qg4 $2 Bxf2+ $1 42. Kxf2 Rd2+ 43. Kf3) 40. Re8+ Kg7
41. Bf8+ Kg8 42. Bc5+ 1-0

[Event "Bundesliga 9293"]
[Site "Germany"]
[Date "1992.??.??"]
[Round "?.3"]
[White "Dobrovolsky, Ladislav"]
[Black "Chekhov, Valery A"]
[Result "0-1"]
[WhiteElo "2390"]
[BlackElo "2535"]
[Annotator "ChessBase"]
[PlyCount "112"]
[EventDate "1992.10.24"]
[EventType "team-tourn"]
[EventRounds "15"]
[EventCountry "GER"]
[SourceTitle "GER-chT"]
[Source "ChessBase"]
[SourceDate "1999.07.01"]
[SourceVersion "1"]
[SourceVersionDate "1999.07.01"]
[SourceQuality "1"]
[WhiteTeam "Dresden"]
[BlackTeam "Empor Berlin"]
[WhiteTeamCountry "GER"]
[BlackTeamCountry "GER"]

1. e4 c5 2. c3 d5 3. exd5 Qxd5 4. d4 Nf6 5. Nf3 e6 6. Be2 Be7 7. O-O O-O 8. Ne5
cxd4 9. cxd4 Qd8 10. Bf3 Nd5 11. Nc3 Nxc3 12. bxc3 Nd7 13. Bf4 Nxe5 14. Bxe5
Bd6 15. Re1 Rb8 16. Qd3 b6 17. a4 Bb7 18. Be4 Bxe4 19. Qxe4 Rc8 20. Re3 Bxe5
21. Qxe5 Qc7 22. Qg5 Qd8 23. Qe5 Qc7 24. Qg5 h6 25. Qg4 Qe7 26. h4 Rfd8 27. Rg3
Qf6 28. Rf3 Qe7 29. Rg3 g6 30. h5 g5 31. Re3 Rd5 32. Qf3 Qd8 33. Re5 Kg7 34.
Rae1 Qf6 35. Qd3 Rxe5 36. Rxe5 Qf4 37. Re3 Qg4 38. d5 exd5 39. Qxd5 Rc5 40. Qd8
Rc8 41. Qd5 Qxa4 42. Rf3 Qe8 43. g3 Rc5 44. Qb7 Rxc3 45. Rxc3 Qe1+ 46. Kg2 Qxc3
47. Qxa7 b5 48. f4 Qd2+ 49. Kh3 Qd1 50. Qc5 Qxh5+ 51. Kg2 Qe2+ 52. Kh3 Kg6 53.
Qf8 Qe6+ $2 (53... g4+ 54. Kh4 Qh2+ 55. Kxg4 Qh5#) 54. Kh2 gxf4 55. Qg8+ Kh5
56. gxf4 Qe2+ 0-1

[Event "EU-ch U21"]
[Site "Groningen"]
[Date "1985.12.30"]
[Round "11"]
[White "Blatny, Pavel"]
[Black "Arlandi, Ennio"]
[Result "1-0"]
[WhiteElo "2395"]
[BlackElo "2310"]
[Annotator "ChessBase"]
[PlyCount "107"]
[EventDate "1985.12.18"]
[EventType "swiss"]
[EventRounds "13"]
[EventCountry "NED"]
[SourceTitle "EXT 2000"]
[Source "ChessBase"]
[SourceDate "1999.11.16"]
[SourceVersion "1"]
[SourceVersionDate "1999.11.16"]
[SourceQuality "1"]

1. e4 c5 2. c3 Nf6 3. e5 Nd5 4. d4 cxd4 5. Nf3 Nc6 6. Bc4 Nb6 7. Bb3 d5 8. exd6
Qxd6 9. O-O Be6 10. Na3 Bxb3 11. Qxb3 Qd5 12. Nb5 Rc8 (12... Qxb3 $2 13. axb3
O-O-O 14. Nxa7+ Nxa7 15. Rxa7 dxc3 16. bxc3 Rd3 (16... Kb8 17. Bf4+ $1 Kxa7 18.
Bc7 $18) 17. Ne5 $1 Rxc3 18. Be3 Kc7 19. Nxf7 Rg8 20. Bf4+ Kc6 21. Nd8+ {
+- Merklishvili-Prudnikova Leningrad 1985}) 13. Nbxd4 (13. Nfxd4 Qxb3 14. axb3
a6 15. Nxc6 Rxc6 16. Nd4 Rc8 17. b4 Nd5 18. b5 axb5 19. Nxb5 e6 20. Ra7 b6 21.
b3 Bc5 22. c4 Nb4 23. Nc7+ Kf8 24. Nb5 $14 {+/= Baev-Shabianov RSFSR 1986})
13... Nxd4 14. Nxd4 e6 15. Rd1 Bc5 (15... Be7 $2 16. Be3 {Doncevic-Juhne BL
1985}) 16. Qb5+ Qd7 17. Qe2 (17. Be3 Nd5 18. Qxd7+ Kxd7 19. Nf5 $5 g6 $1 (19...
Bxe3 20. Nxe3 Kc6 21. Nxd5 exd5 22. Rd4 $16 {_|_}) (19... Kc6 20. Bxc5 Kxc5 21.
c4 $1 (21. Nxg7 $4 h5 $19) 21... Rhd8 22. cxd5 exf5 23. Rd3 Kd6 24. Rad1 Rc2
25. Rb3 Rd7 (25... Re8 $2 26. Rxb7 Ree2 27. Rf1 Rxb2 28. Rxa7 Rxa2 29. Rxf7 $18
) 26. g3 $11) 20. Bxc5 Rxc5 21. Ne3 Kc6 $11) 17... Qe7 18. Nb3 $1 (18. Nb5 a6
19. b4 axb5 20. Qxb5+ Rc6 {--> Sveshnikov-Rashkovski}) 18... O-O (18... Bd6 $2
19. Qb5+ Qd7 20. a4 $1 Nc4 (20... Qxb5 21. axb5 Bb8 22. Na5 $18 {_|_}) 21.
Qxd7+ Kxd7 22. Nd4 {/\ 23.b3,24.Nb5+/-}) 19. Nxc5 Qxc5 20. Be3 Qc6 21. Bd4 f6 (
21... Nd5 22. Qg4 f6 23. c4 Ne7 24. b3 a6 25. Rd2 {/\ 26.Rad1+/-}) (21... Rfe8
22. b3 e5 23. Bxb6 Qxb6 24. c4 Rcd8 25. Rxd8 Qxd8 26. Rd1 Qc7 27. Qd3 h6 28.
Qd5 b6 29. g3 g6 30. a4 {+/=/= Rosentalis-Pigusov Tallin 1986}) 22. Bxb6 $1
Qxb6 (22... axb6 23. Rd2 Rfd8 24. Rad1 Rd5 25. Rxd5 exd5 26. Re1 $16 {Blatny,
P-Banas,J Stary Smokovec 1985}) 23. Rd7 Rcd8 24. Rad1 Rxd7 25. Rxd7 Rf7 26. Rd2
g6 27. Qc4 (27. h4 $5 {/\ h5->>>}) 27... Kg7 28. g3 e5 29. Qd5 Re7 30. c4 a5
31. Qd6 $1 {+/-/+- R_|_} Qxd6 32. Rxd6 Rc7 33. b3 a4 34. Rb6 $1 axb3 35. axb3
f5 36. h4 e4 37. f3 $1 exf3 $8 38. Kf2 Kf7 39. Kxf3 Re7 40. c5 $2 (40. h5 $1 g5
$8 41. c5 {/\ b4,b5,Rd6,c6+-}) 40... Ke8 41. Kf4 Kd8 42. h5 Re4+ $2 (42... gxh5
43. Kxf5 Kc7 $11) 43. Kg5 Rg4+ 44. Kf6 gxh5 45. Rxb7 Rxg3 46. b4 $2 (46. Ke5 $1
Kc8 47. c6 Rg6 48. Kd5 $18) 46... Kc8 $1 47. Rxh7 Rb3 48. Ke6 Rxb4 49. Kd6 Rd4+
50. Kc6 Rd8 $2 (50... Kd8 $1 $11) 51. Kb6 $18 Rf8 52. c6 Kb8 53. Rb7+ Ka8 54.
Ra7+ 1-0